| 000 | 00556nam a22001937a 4500 | ||
|---|---|---|---|
| 003 | KOHA_MİRAKIL | ||
| 005 | 20251218080118.0 | ||
| 008 | 251218b tu ||||| |||| 00| 0 tur d | ||
| 020 | _a9786057117205 | ||
| 040 |
_aTR-AnABB _btur _cTR-AnABB |
||
| 041 | _atur | ||
| 082 |
_a332.642561 _bAYD 2021 |
||
| 100 | 1 | _aAydın, Abdurrahim Fahimi, | |
| 245 | 1 | 0 |
_aMerkezi Kayıt Kuruluşu / _cAydın, Abdurrahim Fahimi, |
| 260 |
_aİstanbul : _bMKK Yayınları, _c2021 |
||
| 300 |
_a276 sayfa ; _c31 cm |
||
| 650 | 0 | 4 | _aMerkezi kayıt |
| 942 |
_2ddc _cBK |
||
| 999 |
_c9738 _d9738 |
||
| 900 | _bGizem YORULMAZ | ||